MARC

LEADER 00000nam0a2200000 4500
001 253658
005 20231101232850.0
010 |a 5283029794 
020 |a RU  |b 89-39946 
035 |a (RuTPU)RU\TPU\book\276060 
090 |a 253658 
100 |a 20140314d1989 k y0rusy5003 ca 
101 0 |a rus 
102 |a RU 
105 |a a z 001zy 
200 1 |a Теория и практика литья радиоактивных металлов и сплавов  |f С. И. Бирюков [и др.] 
210 |a Москва  |c Энергоатомиздат  |d 1989 
215 |a 270 с.  |c ил. 
320 |a Библиогр.: с. 262-267 (156 назв.) 
606 1 |a Радиоактивные элементы  |x Металлургия  |2 stltpush  |3 (RuTPU)RU\TPU\subj\22437  |9 47195 
610 1 |a литье 
610 1 |a металлы 
610 1 |a сплавы 
610 1 |a теоретические основы 
610 1 |a рафинирование 
610 1 |a литейные свойства 
610 1 |a технология 
610 1 |a плавка 
610 1 |a оснастка 
610 1 |a слитки 
675 |a 669.82  |z rus 
701 1 |a Бирюков  |b С. И.  |g Сергей Иванович 
701 1 |a Метелкин  |b Ю. А.  |g Юрий Алексеевич 
701 1 |a Иванов  |b С. И.  |g Сергей Игоревич 
701 1 |a Шингарев  |b Э. Н.  |g Эдуард Николаевич 
801 0 |a RU  |b RuMRKP  |c 19950417  |g psbo 
801 1 |a RU  |b 63413507  |c 20140314 
801 2 |a RU  |b 63413507  |c 20140506  |g RCR 
942 |c BK